000 00625nam a2200217Ii 4500
003 JO-AjNU
008 230606s9999||||xx |||||||||||||| ||und||
020 _a0-13-012939-9
040 _aJO-AjNU
_beng
_erda
_cJO-AjNU
041 _aeng
050 1 4 _aTK5105.59.S725.2000
100 3 _aStallings,Willam,
_eauthor
_94801
245 0 0 _aLocal Metropolitan Area NET WORKS
250 _a6 ed
264 3 1 _aNew Delhi:Tata Mcgraw hill,2004
300 _a478p
336 _atext
_btxt
_2rdacontent
337 _aunmediated
_bn
_2rdamedia
338 _avolume
_bnc
_2rdacarrier
650 4 _aLocal Metropolitan Area NET WORKS
_94802
999 _aE2486
_c2484
_d2484